01285cam a22002897a 4500001001000000003000500010005001700015008004100032010001000073011001000083020001500093035001000108040000900118245017900127246010600306260005900412300001000471490007800481501016800559650004800727650001600775650002500791650003500816700003600851700003000887830007800917000087139CHAP20220329142439.0010226d2000 mx r 00110 spa d a83612 a84584 a9688393045 a95108 cCHAP00aTransferencia de tecnología agrícola a través de la organización y el liderazgo de pequeños grupos de productores /c/por Luis Alipio Guillén Pérez ...[et al.].0 aAnálisis de la comercialización regional de hortalizas en el Valle de Quecholac y Palmar de Bravo aMontecillo, Méx. :bColegio de Postgraduados,c2000. a67 p.0 aComunicación en socioeconomía, estadística e informáticav; 4 (2) aEnc. con: Análisis de la comercialización regional de hortalizas en el Valle de Quecholac y Palmar de Bravo / por Arturo López Espinosa ...[et al.] pp. 26-6714aAgriculturaxTransferencia de tecnología.14aDirigentes.14aLegumbresxMercadeo.14aOrganización de productores.0 aGuillén Pérez, Luis Alipio.0 aLópez Espinosa, Arturo.00aComunicación en socioeconomía, estadística e informáticav; 4 (2)